Abū Ḥanīfah ḥayātuhu wa-ʻaṣruhu, ārāʼuhu wa-fiqhuh

محفوظ في:

المؤلف الرئيسي: Abū Zahrah, Muḥammad.

التنسيق: كتاب

اللغة: Undetermined

منشور في: al-Qāhirah Dār al-Fikr al-ʻArabī 1997.

الموضوعات:

الوسوم: إضافة وسم

لا توجد وسوم, كن أول من يضع وسما على هذه التسجيلة!

رقم الطلب: BP80 .A226 A28 1997

LEADER 00557nam a2200169Ia 4500
008 231106s9999||||xx |||||||||||||| ||und||
050 4 |a BP80 .A226 A28 1997 
100 1 |a Abū Zahrah, Muḥammad.  
245 1 0 |a Abū Ḥanīfah   |b ḥayātuhu wa-ʻaṣruhu, ārāʼuhu wa-fiqhuh 
264 1 |a al-Qāhirah   |b Dār al-Fikr al-ʻArabī   |c 1997. 
300 |a 410 p.   |c 25 cm. 
500 |a Ṭ. jadīdah. 
504 |a Includes bibliographical references. 
650 4 |a Abū Ḥanīfah, -767 or 768. 
650 4 |a Hanafites -- Biography. 
942 |2 lcc  |c BK 
999 |c 54987  |d 54987